| 000 | 01220cam a22003497a 4500 | ||
|---|---|---|---|
| 003 | CHAP | ||
| 005 | 20220329141826.0 | ||
| 008 | 971119d1997 mx r 00110 spa d | ||
| 010 | _a74433 | ||
| 011 | _a75405 | ||
| 035 | _a84967 | ||
| 040 | _cCHAP | ||
| 090 | _aTesis | ||
| 100 | 0 | 0 |
_aVargas Tafoya, Gerardo. _9118106 |
| 245 | 1 | 0 |
_aDiagnóstico de parámetros productivos de granjas porcícolas de dos municipios de los Altos de Jalisco _c/por Gerardo Vargas Tafoya |
| 260 |
_aChapingo, Méx. : _bEl autor, _c1997. |
||
| 300 | _a81 h. | ||
| 502 | _aTesis (Ing. Agr. Esp. en Zootecnia) -- UACH. Departamento de Zootecnia | ||
| 590 |
_aALEPH _b10 _c20130110 _lUCH01 _h1419 |
||
| 590 |
_aBATCH-UPD _b10 _c20130110 _lUCH01 _h0727 |
||
| 590 |
_aBATCH-UPD _b10 _c20130410 _lUCH01 _h0411 |
||
| 590 |
_aBATCH-UPD _b10 _c20130914 _lUCH01 _h1523 |
||
| 590 |
_aCONVERSION _b10 _c20130109 _lUCH01 _h1341 |
||
| 650 | 1 | 4 |
_aGanado porcino _xJalisco. _945378 |
| 650 | 1 | 4 |
_aGanado porcino _xProducción. _945399 |
| 650 | 1 | 4 |
_aGranjas porcinas. _950413 |
| 901 | _aBK | ||
| 905 | _aGuadalupe Pinto C. | ||
| 942 | _cFOLL | ||
| 949 |
_bBC _cTES _d33724000637773 _eTS2 _fc.2 _h31562 _i84967 _si |
||
| 949 |
_bBC _cTES _d849671 _eTS1 _h31561 _i84967 _sb |
||
| 999 |
_c74433 _d74433 |
||